Výskum možností vzdelávania a vplyv na riadenie ľudských zdrojov pre výkonnosť

Základná charakteristika podnikania v malých a stredných podnikoch. Stratégia na zlepšenie podnikateľského prostredia MSP. Podnikateľský plán pre výskum možnosti vzdelávania a vplyv na riadenie ľudských zdsrojov pre výkonnosť organizácie.

Salvato in:
Dettagli Bibliografici
Autore principale: Dobrovič, Ján
Natura: Capitolo di libro
Lingua:slovacco
Soggetti:
Tags: Aggiungi Tag
Nessun Tag, puoi essere il primo ad aggiungerne!!

MARC

LEADER 00000naa a2200000 4500
001 0196105
005 20221020085545.1
041 0 |a slo 
044 |a SK 
245 1 0 |a Výskum možností vzdelávania a vplyv na riadenie ľudských zdrojov pre výkonnosť  |c Ján Dobrovič 
520 |a Základná charakteristika podnikania v malých a stredných podnikoch. Stratégia na zlepšenie podnikateľského prostredia MSP. Podnikateľský plán pre výskum možnosti vzdelávania a vplyv na riadenie ľudských zdsrojov pre výkonnosť organizácie. 
610 2 0 |a vzdelávanie 
610 2 0 |a plán podnikateľský 
610 2 0 |a riadenie podnikové 
610 2 0 |a riadenie ľudských zdrojov 
610 2 0 |a manažment 
100 1 |a Dobrovič, Ján